000 00366nam a2200133Ia 4500
008 240624s9999 xx 000 0 und d
041 _aeng
082 _a340 MEH
100 _aMEHTA GAURAV
245 _aPRACTICE TEST PAPERS FOR JUDICIAL SERVIC
260 _c2013
_aNew Delhi
_bUniversal Law Publishing Co.
300 _axiv, : 406 : p. : cm. ; 23
365 _cRS
_b15
999 _c23943
_d23943